000 00458nam a2200169Ia 4500
003 GCL
008 140319s9999 xx 000 0 eng d
040 _aGCL /
_cGCL
082 0 4 _a551.5078
_bB W
100 1 _aBAKER, THOMAS
245 1 0 _aWEATHER IN THE LAB: SIMULATE NATURE'S PHENOMENA /
_cBAKER, THOMAS
260 _a[S.N] :
_bTAB BOOKS ،
_c1993
300 _a145 P
650 0 4 _aWEATHER EXPERIMENTS
650 0 4 _aWEATHER FORECASTING
942 _2ddc
_cBK
999 _c21072
_d21072